MDQL
is popping MORE tags! Check the
thread
!
Quizzes
Events
Quiz Creation
Community
Videos
Private Events
Remove Ads
Sign In
Join for FREE
Feedback
Dark Mode
Quiz Categories
Sports
Geography
Music
Movies
Television
Just For Fun
Miscellaneous
History
Literature
Language
Science
Gaming
Entertainment
Religion
Holiday
For Kids
Quiz Lab
Recent
Popular Today
Quiz Kudos Today
Editor Picks
Curator Picks
Quizzes by...
Day
Popularity
Type
Ratings
Length
Year
Community
Subscriptions
Recent Discussions
Orange Saloon
Badges
Playlists
Quests
Create
Leaderboards
Showdown
Live 5
Trivia Bingo
Activity
Puzzle Library
Sporcle Events
Private Events
Virtual Trivia
Globe League
Become a Host
Pub Owners
SporcleCon
Opinionation
Our Games
Videos
Blog
Mobile Apps
Partnerships
Remove Ads and Go Orange
Feedback
Sports
Athletes
MLB
NBA
NHL
NFL
Soccer
Sports Teams
WWE
NCAA
Football
Premier League
Basketball
Baseball
Hockey
Golf
Tennis
Cricket
Rugby
Auto Racing
Olympics
World Cup
Sports
Athletes
MLB
NBA
NHL
NFL
Soccer
Sports Teams
WWE
NCAA
Football
Premier League
Basketball
Baseball
Hockey
Golf
Tennis
Cricket
Rugby
Auto Racing
Olympics
World Cup
Random Quiz
Search Sporcle
×
Quiz Lab
Quiz Lab
Sports
NHL
Type in answers that appear in a list
Type in answers that appear in a list
Classic
Best Score? Go Orange.
NHL - Most Goals In A Season Stats
Can you name the top 300 NHL season goal totals?
By
slowBURN71
14m
300 Questions
707 Plays
707 Plays
707 Plays
Comments
Comments
Give Quiz Kudos
Give Quiz Kudos
-
- Ratings
hide this ad
Replay
Link that replays current quiz
Next Quiz
Link to next quiz in quiz playlist
You Got
0%
They Got
Avg Score
79%
Avg Friend Score
Upgrade to see
Score Distribution
Jump to the score distribution portion of the page
Score
0/300
Timer
14:00
0
Plays Today
Goals
Player
% Correct
92
Wayne Gretzky
99.9%
87
Wayne Gretzky
99.9%
73
Wayne Gretzky
99.9%
71
Wayne Gretzky
99.9%
62
Wayne Gretzky
99.9%
55
Wayne Gretzky
99.9%
54
Wayne Gretzky
99.9%
52
Wayne Gretzky
99.9%
51
Wayne Gretzky
99.9%
85
Mario Lemieux
99%
70
Mario Lemieux
99%
69
Mario Lemieux
99%
69
Mario Lemieux
99%
54
Mario Lemieux
99%
50
Mario Lemieux
99%
48
Mario Lemieux
99%
86
Brett Hull
98.7%
72
Brett Hull
98.7%
70
Brett Hull
98.7%
58
Bobby Hull
98.7%
57
Brett Hull
98.7%
54
Bobby Hull
98.7%
54
Brett Hull
98.7%
52
Bobby Hull
98.7%
50
Bobby Hull
98.7%
50
Bobby Hull
98.7%
65
Alex Ovechkin
97.2%
56
Alex Ovechkin
97.2%
52
Alex Ovechkin
97.2%
50
Alex Ovechkin
97.2%
46
Alex Ovechkin
97.2%
76
Phil Esposito
96.7%
68
Phil Esposito
96.7%
66
Phil Esposito
96.7%
61
Phil Esposito
96.7%
55
Phil Esposito
96.7%
49
Phil Esposito
96.7%
62
Jaromir Jagr
96.2%
54
Jaromir Jagr
96.2%
52
Jaromir Jagr
96.2%
47
Jaromir Jagr
96.2%
76
Teemu Selanne
96%
52
Teemu Selanne
96%
51
Teemu Selanne
96%
48
Teemu Selanne
96%
47
Teemu Selanne
96%
69
Mike Bossy
95.9%
68
Mike Bossy
95.9%
64
Mike Bossy
95.9%
61
Mike Bossy
95.9%
60
Mike Bossy
95.9%
58
Mike Bossy
95.9%
53
Mike Bossy
95.9%
51
Mike Bossy
95.9%
51
Mike Bossy
95.9%
71
Jari Kurri
95.5%
68
Jari Kurri
95.5%
54
Jari Kurri
95.5%
52
Jari Kurri
95.5%
45
Jari Kurri
95.5%
65
Steve Yzerman
94.6%
62
Steve Yzerman
94.6%
58
Steve Yzerman
94.6%
51
Steve Yzerman
94.6%
50
Steve Yzerman
94.6%
45
Steve Yzerman
94.6%
76
Alexander Mogilny
93.1%
55
Alexander Mogilny
93.1%
60
Pavel Bure
92.5%
60
Pavel Bure
92.5%
59
Pavel Bure
92.5%
58
Pavel Bure
92.5%
51
Pavel Bure
92.5%
50
Maurice Richard
92.5%
52
Jacques Richard
92.4%
60
Guy Lafleur
91.9%
56
Guy Lafleur
91.9%
56
Guy Lafleur
91.9%
53
Guy Lafleur
91.9%
52
Guy Lafleur
91.9%
50
Guy Lafleur
91.9%
50
Mark Messier
91.4%
48
Mark Messier
91.4%
47
Mark Messier
91.4%
45
Mark Messier
91.4%
54
Joe Sakic
90.5%
51
Joe Sakic
90.5%
48
Joe Sakic
90.5%
48
Joe Sakic
90.5%
63
Luc Robitaille
90.2%
53
Luc Robitaille
90.2%
52
Luc Robitaille
90.2%
46
Luc Robitaille
90.2%
45
Luc Robitaille
90.2%
45
Luc Robitaille
90.2%
70
Bernie Nicholls
89.8%
59
Marcel Dionne
89.8%
58
Marcel Dionne
89.8%
56
Marcel Dionne
89.8%
53
Marcel Dionne
89.8%
Goals
Player
% Correct
53
Marcel Dionne
89.8%
50
Marcel Dionne
89.8%
47
Marcel Dionne
89.8%
46
Bernie Nicholls
89.8%
46
Marcel Dionne
89.8%
51
Sidney Crosby
88.8%
49
Gordie Howe
88.1%
47
Gordie Howe
88.1%
50
Bryan Trottier
87.8%
47
Bryan Trottier
87.8%
46
Bryan Trottier
87.8%
60
Steven Stamkos
87.4%
51
Steven Stamkos
87.4%
45
Steven Stamkos
87.4%
56
Sergei Fedorov
87.3%
54
Glenn Anderson
86.1%
54
Glenn Anderson
86.1%
48
Glenn Anderson
86.1%
52
Jarome Iginla
85.3%
50
Jarome Iginla
85.3%
54
Pat LaFontaine
84.7%
53
Pat LaFontaine
84.7%
47
Pat LaFontaine
84.7%
46
Pat LaFontaine
84.7%
45
Pat LaFontaine
84.7%
47
Eric Lindros
84.2%
58
Pierre Turgeon
84%
45
Sylvain Turgeon
83.9%
52
Brendan Shanahan
83.7%
51
Brendan Shanahan
83.7%
47
Brendan Shanahan
83.7%
55
Kevin Stevens
82.7%
54
Kevin Stevens
82.7%
51
John LeClair
82.7%
51
John LeClair
82.7%
50
John LeClair
82.7%
53
Dale Hawerchuk
82.5%
47
Dale Hawerchuk
82.5%
46
Dale Hawerchuk
82.5%
45
Dale Hawerchuk
82.5%
57
Michel Goulet
82.3%
56
Michel Goulet
82.3%
55
Michel Goulet
82.3%
53
Michel Goulet
82.3%
49
Michel Goulet
82.3%
48
Michel Goulet
82.3%
50
Evgeni Malkin
82.2%
47
Evgeni Malkin
82.2%
50
Mike Modano
82%
54
Dave Andreychuk
81.9%
53
Dave Andreychuk
81.9%
50
Mike Gartner
81.9%
49
Mike Gartner
81.9%
48
Mike Gartner
81.9%
48
Mike Gartner
81.9%
45
Mike Gartner
81.9%
45
Mike Gartner
81.9%
53
Jeremy Roenick
81.3%
50
Jeremy Roenick
81.3%
46
Jeremy Roenick
81.3%
47
Mats Sundin
81%
52
Keith Tkachuk
80.8%
51
Theoren Fleury
80.8%
50
Keith Tkachuk
80.8%
46
Theoren Fleury
80.8%
60
Steve Shutt
80.2%
49
Steve Shutt
80.2%
47
Steve Shutt
80.2%
46
Bobby Orr
80.2%
45
Steve Shutt
80.2%
66
Lanny McDonald
80.1%
55
Dino Ciccarelli
80.1%
52
Dino Ciccarelli
80.1%
47
Lanny McDonald
80.1%
46
Lanny McDonald
80.1%
53
Mark Recchi
79.1%
48
Paul Coffey
79.1%
60
Dennis Maruk
78.5%
52
Vincent Lecavalier
78.5%
51
John Bucyk
78.5%
50
Dany Heatley
78.5%
50
Dany Heatley
78.5%
50
Dennis Maruk
78.5%
55
Cam Neely
78.4%
51
Cam Neely
78.4%
50
Cam Neely
78.4%
56
Jonathan Cheechoo
78.2%
51
Joe Nieuwendyk
78.2%
51
Joe Nieuwendyk
78.2%
45
Joe Nieuwendyk
78.2%
45
Joe Nieuwendyk
78.2%
52
Peter Bondra
78.1%
52
Peter Bondra
78.1%
47
Peter Stastny
78.1%
46
Peter Stastny
78.1%
46
Peter Stastny
78.1%
46
Peter Bondra
78.1%
46
Peter Stastny
78.1%
45
Peter Bondra
78.1%
61
Reggie Leach
77.2%
Goals
Player
% Correct
50
Reggie Leach
77.2%
45
Reggie Leach
77.2%
52
Ilya Kovalchuk
77.1%
52
Ilya Kovalchuk
77.1%
48
Markus Naslund
76.9%
47
Denis Savard
76.4%
50
Paul Kariya
76.2%
50
Bill Barber
75.2%
45
Bill Barber
75.2%
58
Tim Kerr
75.1%
58
Tim Kerr
75.1%
54
Tim Kerr
75.1%
54
TIm Kerr
75.1%
48
Tim Kerr
75.1%
46
Wendel Clark
75.1%
51
Joe Mullen
74.5%
47
Joe Mullen
74.5%
47
Jean Beliveau
73.4%
52
Rick Martin
72.6%
52
Rick Martin
72.6%
49
Rick Martin
72.6%
45
Rick Martin
72.6%
45
Darryl Sittler
72.3%
47
Dave Taylor
72.1%
50
Milan Hejduk
72%
53
Gary Roberts
71.1%
56
Charlie Simmer
70.9%
56
Charlie Simmer
70.9%
45
Adam Oates
70.2%
55
Brian Bellows
69%
46
Jean Ratelle
69%
49
Frank Mahovlich
68.5%
48
Frank Mahovlich
68.5%
46
Steve Larmer
68%
51
Rick Middleton
67.5%
49
Rick Middleton
67.5%
47
Rick Middleton
67.5%
50
Corey Perry
67.2%
52
Adam Graves
66.8%
45
Marian Hossa
66.3%
48
Rick Tocchet
66.2%
50
Bernie Geoffrion
65.5%
54
Rick Vaive
65.1%
52
Rick Vaive
65.1%
51
Rick Vaive
65.1%
49
Kent Nilsson
64.8%
46
Kent Nilsson
64.8%
50
Rick MacLeish
64.4%
50
Ken Hodge
64.4%
49
Rick MacLeish
64.4%
53
Pierre Larouche
63.8%
50
Pierre Larouche
63.8%
48
Pierre Larouche
63.8%
46
Pat Verbeek
63.4%
50
Hakan Loob
62.7%
55
Jimmy Carson
62.5%
49
Jimmy Carson
62.5%
55
John Ogrodnick
61.5%
51
Stephane Richer
61.5%
50
Stephane Richer
61.5%
46
Brian Sutter
61.1%
49
Rob Brown
60.4%
45
John MacLean
60.3%
47
Yvan Cournoyer
60%
56
Danny Gare
59.1%
50
Danny Gare
59.1%
46
Danny Gare
59.1%
50
Vic Hadfield
59%
48
Ziggy Palffy
58%
45
Ziggy Palffy
58%
46
Todd Bertuzzi
57%
56
Blaine Stoughton
56.2%
52
Blaine Stoughton
56.2%
56
Craig Simpson
56%
52
Jean Pronovost
55.6%
45
Zach Parise
55.2%
55
Rick Kehoe
54.6%
45
Eric Staal
54.6%
52
Ray Sheppard
53%
45
Troy Murray
53%
48
Brian Gionta
52.6%
53
Bob Carpenter
52.5%
46
Jeff Carter
51.5%
51
Gary Leeman
51.1%
51
Mike Bullard
51.1%
48
Mike Bullard
51.1%
47
Simon Gagne
49.4%
46
Geoff Sanderson
48.7%
54
Al Secord
48.2%
46
Barry Pederson
48.2%
45
Petr Nedved
46.7%
50
Guy Chouinard
45.4%
54
Wayne Babych
45%
52
Mickey Redmond
42.6%
51
Mickey Redmond
42.6%
50
Danny Grant
41.7%
45
Kevin Dineen
40.2%
45
Tony Tanti
37.6%
46
Blair MacDonald
33.9%
48
Bill Goldsworthy
26.9%
Quiz Playlist
Details
Report
Send in Message
Add To Playlist
Classic:
Type in answers that appear in a list
Quiz Source
Last Updated: Feb 16, 2017
Quiz Scoreboard
CHALLENGE
Sign Up to Join the Scoreboard
Show All
Scores
Hide
Comments
May contain spoilers
Recently Published
1-10 Letter E Words III
by El_Dandy
Language
2m
Street Fighter Characters
by Artimus82
Gaming
60s
College Basketball Coaching Resumes
by pancakes188
Sports
9m
More to Explore
Quiz From the Vault
Featured Blog Post
Where Did the Easter Bunny Come From?
hide this ad
You Might Also Like...
Tags
NHL Quiz
300
goal
Player
season
total
Today's Top Quizzes in Sports
Browse Sports
hide this ad
Today's Top Quizzes in NHL
Browse NHL
Top Contributed Quizzes in Sports
1
2022 World Cup Stars
2
Les meilleurs buteurs des matchs entre le PSG et l’OM
3
FIFA Club World Cup Champions
4
Les entraîneurs de l'OM et du PSG au 21e siècle
5
Criteria MLB: Left Handed Sluggers
6
2023 MLB Unique Player Accomplishments
7
AFC Teams Reveal (Wrong Answers Minefield)
8
Players with Multiple 50 Home Run Seasons
9
5-to-1: FBS Animal Nicknames
10
5-to-1: UK Sports Teams
Explore More
Trending Topics
NBA
Harry Potter
Marvel
Anime
Disney
Kpop
Crossword
NFL
WWE
Soccer
Country
Puzzle
The Office
Pokémon
Song
hide this ad
More By:
slowBURN71
Quiz
Plays
Rating
Category
Featured
Created
Leading Scorers 1992-2022
1,765
4.88
Sports
Dec 15, 2012
NHL Career Points
1,597
4.67
Sports
Dec 28, 2012
NHL Active Goals Leaders
1,494
4.83
Sports
Aug 18, 2012
NHL - Most Points - Season
1,291
5.00
Sports
Aug 23, 2012
Pittsburgh Penguins Top 10 Scorers
1,184
4.75
Sports
Jul 31, 2012
Go to Creator's Profile
Score Distribution
Quiz Creator Spotlight
slowBURN71
Follow
Send a Message
Quizzes Created
-
Created Quiz Play Count
-
More By This Creator
Popular Quizzes Today
1
Find the US States - No Outlines Minefield
2
Find the Countries of Europe - No Outlines Minefield
3
The Countries of the World
4
Find the US States
5
Risky Map Clicking: Biggest States A-Z
6
US States
7
Popular People in 1961
8
Movies - When Are They Set?
More Sports Quizzes
English Football Stadiums by any 3 Letters
Curator's Pick
Trending Quizzes
Risky Map Clicking: Least Populous States A-Z
Billboard Blitz: Aretha Franklin
Famous Russians: Author or Composer?
1-10 Letter G Words
Countries of the World: 200 Million BC
Recently Updated
Leaping Animals
pecheneg
Reality TV Shows (A-Z)
bhenderson79
Rickey Henderson's Hall of Fame Teammates
pecheneg
Champions League XIs: Arsenal
pecheneg
Quick Pick: Celebrities in WWE's Hall of Fame
aduchscher
A-Z Keypad Blitz II
pecheneg
Multiple Oscar Actors
pecheneg
Mystery Phrase Blitz: Oscar 'Best Actors'
pecheneg
F. Scott Fitzgerald Novels
LTH
Pick 3 Villains
ddd62291
Trending Topics
Kpop
Harry Potter
Anime
Marvel
NBA
Disney
Crossword
Puzzle
WWE
NFL
Pokémon
Song
Country
Soccer
The Office
Your Account Isn't Verified!
In order to create a playlist on Sporcle, you need to verify the email address you used during registration. Go to your
Sporcle Settings
to finish the process.
Report this User
Report this user for behavior that violates our
Community Guidelines
.
Details:
Send Report
Go to the Sporcle.com Mobile Site →
Comments